000 00280nam a22001097a 4500
082 _a355/FRA
100 _aFrancis,j.
_984005
245 _aIndian army chronicles of bravery awards
260 _a New Delhi
_bVij books india pvt ltd
_c2022
650 _aMilitary science
942 _cBK
999 _c69021
_d69021